| 000 | 00481nam a2200229Ia 4500 | ||
|---|---|---|---|
| 003 | IT-RoPAU | ||
| 008 | 120407s9999 xx 000 0 und d | ||
| 040 | _aIT-RoPAU | ||
| 040 | _cIT-RoPAU | ||
| 041 | _aita | ||
| 100 | _aJerzy Ficowski | ||
| 245 | _aQuestioni storiche moderne. | ||
| 250 | _aParis | ||
| 260 | _aGallimard | ||
| 260 | _c1987 | ||
| 300 | _a186 p. | ||
| 300 | _c21 cm | ||
| 490 | _aLes temps modernes | ||
| 490 | _v1486 | ||
| 942 | _cBK | ||
| 999 |
_c27682 _d27682 |
||